LEADER 01118nam0-2200349 --450 001 9910338852103321 005 20210706090118.0 010 $a978-88-6843-141-9 100 $a20190926d2014----kmuy0itay5050 ba 101 0 $aita 102 $aIT 105 $aa 001yy 200 1 $aCittą tra sviluppo e declino$eun'agenda urbana per l'Italia$fa cura di Antonio G. Calafati$gsaggi di S. Annunziata ... [et al.] 210 $aRoma$cDonzelli Editore$d2014 215 $aXIII, 460 p.$cill.$d22 cm 225 1 $aSaggi$iNatura e artefatto 300 $aRelazioni presentate a un seminario tenuto all'Aquila nel 2014 610 0 $aPianificazione urbanistica$aItalia 676 $a307.120945 702 1$aCalafati,$bAntonio G. 702 1$aAnnunziata,$bSandra 801 0$aIT$bUNINA$gREICAT$2UNIMARC 901 $aBK 912 $a9910338852103321 952 $aB 1684 CAN$b068/2019$fDARPU 952 $aVII A 858$b2348/2020$fFSPBC 952 $aURB.LE B 3224$b524/2021$fFARBC 959 $aFARBC 959 $aDARPU 959 $aFSPBC 996 $aCittą tra sviluppo e declino$91561382 997 $aUNINA LEADER 02168oam 2200649M 450 001 9910716499103321 005 20200213070904.4 035 $a(CKB)5470000002521150 035 $a(OCoLC)1065595011 035 $a(OCoLC)995470000002521150 035 $a(EXLCZ)995470000002521150 100 $a20071213d1927 ua 0 101 0 $aeng 135 $aurcn||||||||| 181 $ctxt$2rdacontent 182 $cc$2rdamedia 183 $acr$2rdacarrier 200 10$aLieut. Commander Garnet Hulings, United States Navy. February 17 (calendar day, February 21), 1927. -- Ordered to be printed 210 1$a[Washington, D.C.] :$c[U.S. Government Printing Office],$d1927. 215 $a1 online resource (3 pages) 225 1 $aSenate report / 69th Congress, 2nd session. Senate ;$vno. 1555 225 1 $a[United States congressional serial set] ;$v[serial no. 8687] 300 $aBatch processed record: Metadata reviewed, not verified. Some fields updated by batch processes. 300 $aFDLP item number not assigned. 517 $aLieut. Commander Garnet Hulings, United States Navy. February 17 606 $aClaims 606 $aCollecting of accounts 606 $aMalicious mischief 606 $aVandalism 606 $aEarthquakes 606 $aFires 606 $aPersonal belongings 606 $aAmbassadors 606 $aDiplomats 606 $aNavies$xOfficers 608 $aLegislative materials.$2lcgft 615 0$aClaims. 615 0$aCollecting of accounts. 615 0$aMalicious mischief. 615 0$aVandalism. 615 0$aEarthquakes. 615 0$aFires. 615 0$aPersonal belongings. 615 0$aAmbassadors. 615 0$aDiplomats. 615 0$aNavies$xOfficers. 701 $aCapper$b Arthur$f1865-1951$pRepublican (KS)$01386839 801 0$bWYU 801 1$bWYU 801 2$bOCLCO 801 2$bOCLCQ 801 2$bOCLCO 801 2$bOCLCQ 906 $aBOOK 912 $a9910716499103321 996 $aLieut. Commander Garnet Hulings, United States Navy. February 17 (calendar day, February 21), 1927. -- Ordered to be printed$93465481 997 $aUNINA